000 00647nam a22002057a 4500
003 OSt
005 20250402144240.0
008 250402b |||||||| |||| 00| 0 sp d
020 _a980 6110 528
040 _acunsuroc
_besp
_ccunsuroc
082 _21a. ed.
_a320.2 P438
_b1
100 _aPérez, Carlos Andrés
_911847
245 _aAmérica Latina en el
_bumbraldel siglo XXI
_cPérez, Carlos Andrés
_hFísico
250 _a1a. ed.
260 _aVenezuela:
_bNueva Sociedad,
_c1989.
300 _a134p;
_c23cm.
365 _b2
_d87.00
_jve
650 _2Democracia Gobernabilidad
942 _2ddc
_cBK
_e1a. ed.
_h320.2 P438
_n0
999 _c4747
_d4747